|
|
|
|
| LEADER |
02216nam a22005175i 4500 |
| 001 |
978-0-387-34608-3 |
| 003 |
DE-He213 |
| 005 |
20151204152043.0 |
| 007 |
cr nn 008mamaa |
| 008 |
100301s2006 xxu| s |||| 0|eng d |
| 020 |
|
|
|a 9780387346083
|9 978-0-387-34608-3
|
| 024 |
7 |
|
|a 10.1007/0-387-34608-2
|2 doi
|
| 040 |
|
|
|d GrThAP
|
| 050 |
|
4 |
|a QH201-278.5
|
| 072 |
|
7 |
|a PS
|2 bicssc
|
| 072 |
|
7 |
|a PDND
|2 bicssc
|
| 072 |
|
7 |
|a SCI086000
|2 bisacsh
|
| 072 |
|
7 |
|a SCI023000
|2 bisacsh
|
| 082 |
0 |
4 |
|a 570.282
|2 23
|
| 245 |
1 |
0 |
|a Who’s Who in Fluorescence 2006
|h [electronic resource] /
|c edited by Chris D. Geddes, Joseph R. Lakowicz.
|
| 264 |
|
1 |
|a Boston, MA :
|b Springer US,
|c 2006.
|
| 300 |
|
|
|a XXIV, 206 p. 362 illus.
|b online resource.
|
| 336 |
|
|
|a text
|b txt
|2 rdacontent
|
| 337 |
|
|
|a computer
|b c
|2 rdamedia
|
| 338 |
|
|
|a online resource
|b cr
|2 rdacarrier
|
| 347 |
|
|
|a text file
|b PDF
|2 rda
|
| 505 |
0 |
|
|a Preface -- Personal Entries -- Company and Institution Contents -- AIM (Author Impact Measure) Number.
|
| 520 |
|
|
|a The Journal of Fluorescence’s fourth Who’s Who directory is to publish the names, contact details, specialty keywords, and a brief description of scientists employing fluorescence methodology and instrumentation in their working lives. In addition, the directory will provide company contact details with a brief list of fluorescence-related products. The directory will be edited by Chris D. Geddes and Joseph R. Lakowicz, editor and founding editor of the Journal of Fluorescence.
|
| 650 |
|
0 |
|a Life sciences.
|
| 650 |
|
0 |
|a Analytical chemistry.
|
| 650 |
|
0 |
|a Biotechnology.
|
| 650 |
|
0 |
|a Physical chemistry.
|
| 650 |
|
0 |
|a Microscopy.
|
| 650 |
1 |
4 |
|a Life Sciences.
|
| 650 |
2 |
4 |
|a Biological Microscopy.
|
| 650 |
2 |
4 |
|a Biotechnology.
|
| 650 |
2 |
4 |
|a Analytical Chemistry.
|
| 650 |
2 |
4 |
|a Physical Chemistry.
|
| 700 |
1 |
|
|a Geddes, Chris D.
|e editor.
|
| 700 |
1 |
|
|a Lakowicz, Joseph R.
|e editor.
|
| 710 |
2 |
|
|a SpringerLink (Online service)
|
| 773 |
0 |
|
|t Springer eBooks
|
| 776 |
0 |
8 |
|i Printed edition:
|z 9780387294049
|
| 856 |
4 |
0 |
|u http://dx.doi.org/10.1007/0-387-34608-2
|z Full Text via HEAL-Link
|
| 912 |
|
|
|a ZDB-2-SBL
|
| 950 |
|
|
|a Biomedical and Life Sciences (Springer-11642)
|